| 000 | 00556nam a2200217Ia 4500 | ||
|---|---|---|---|
| 005 | 20260429111935.0 | ||
| 008 | 260429s9999||||xx |||||||||||||| ||und|| | ||
| 020 | _a9789349557284 | ||
| 041 | _aEnglish | ||
| 082 |
_a709.54 _bGUP |
||
| 100 | _aGupta, S.P | ||
| 245 | 0 |
_aRoots of Indian art / _cS.P Gupta |
|
| 250 | _a1st ed. | ||
| 260 |
_aNew Delhi : _bB.R. Publishing Corporation, _c1980. |
||
| 300 | _axx, 497 p.; hb | ||
| 650 | _a Ancient art | ||
| 650 | _a Art history | ||
| 650 | _a Cultural heritage | ||
| 650 | _aIndian art | ||
| 942 | _cTB | ||
| 999 |
_c51534 _d51534 |
||